000 01533nam a2200241Ia 4500
003 Ost
005 20260507075639.0
008 260507s9999||||xx |||||||||||||| ||und||
040 _cfsecg
041 _aara
082 _a350
100 _aالمصري، سعيد محمد
_eمؤلف
245 0 _aالتنظيم والإدارة :
_bمدخل معاصر لعمليات التخطيط والتنظيم والقيادة والرقابة /
_c سعيد محمد المصري
260 _aالإسكندرية:
_bالدار الجامعية,
_c2002
300 _a344 صفحة؛
_bإيضاحات ؛
_c24 سم
504 _aالمراجع ص.342
520 _aتطور الفكر الاداري ،مراحل تطور الفكر الاداري،بعض المفاهيم الحديثة في الادارة -عملية التخطيط واتخاذ القرارات،عملية التخطيط ،اتخاذ القرارات-التنظيم ،الدراسات التنظيمية ونظرية النظم ،مفهوم التراكمية التنظيمية،مفاهيم أساسية في التنظيم،العمليلت القيادية ،المداخل لدراسة القيادة،أنماط القيادة ،نجاح وفعالية القيادة-الرقابة ،انواعها ومراحلها وعناصرها ،وسائل الرقابة وتكنولوجيا المعلومات
653 _aالإدارة
653 _aالتخطيط و القيادة
653 _aالتنظيم
653 _aالرقابة
942 _cكتاب
999 _c45361
_d45361